[Event "4NCL/Div2b/CELT1 vs. PPA2"]
[Site "Hinckley Island ENG"]
[Date "2010.01.17"]
[Round "4.7"]
[White "Josse, Mark"]
[Black "McMahon, Paul"]
[Result "1-0"]
[WhiteElo "2064"]
[BlackElo "2043"]
[PlyCount "115"]
[EventDate "2010.01.17"]
[EventRounds "11"]
[EventCountry "ENG"]
[SourceDate "2009.10.24"]

1. Nf3 d5 2. g3 Nf6 3. Bg2 Bg4 4. O-O e6 5. d3 Bd6 6. Nbd2 Nbd7 7. Qe1 e5 8. h3
Bh5 9. e4 dxe4 10. dxe4 Qe7 11. Nh4 Bg6 12. a4 O-O 13. a5 Nh5 14. Nc4 Bc5 15.
Kh2 Nf4 16. Nxg6 Nxg6 17. c3 Qe6 18. Qe2 Rad8 19. Ne3 Qb3 20. h4 Ne7 21. Qc4
Qxc4 22. Nxc4 Nc8 23. b4 Be7 24. Be3 b5 25. axb6 Ncxb6 26. Na5 Nb8 27. Nb7 Rd3
28. Rfc1 a6 29. Bf1 Rd7 30. Kg2 Nc8 31. Be2 Nd6 32. Nc5 Rdd8 33. f3 Nb5 34.
Nxa6 Nxa6 35. Bxb5 Nb8 36. Rd1 Rc8 37. Bc4 h6 38. Rd5 Bd6 39. Be2 Nd7 40. b5
Nf6 41. Rd3 Rb8 42. c4 Rfc8 43. Kf2 Ne8 44. c5 Bf8 45. Rd2 Be7 46. Ra7 Kf8 47.
Rd5 c6 48. Rdd7 Bf6 49. b6 Rd8 50. Bc4 Rxd7 51. Rxd7 Be7 52. Ba6 g5 53. hxg5
hxg5 54. Ra7 g4 55. Bh6+ Ng7 56. Bxg7+ Ke8 57. Rxe7+ Kxe7 58. Bxe5 1-0

[Event "4NCL/Div2b/CELT1 vs. PPA2"]
[Site "Hinckley Island ENG"]
[Date "2010.01.17"]
[Round "4.8"]
[White "Redman, David"]
[Black "Owens, Megan R"]
[Result "1-0"]
[WhiteElo "1866"]
[BlackElo "1764"]
[PlyCount "55"]
[EventDate "2010.01.17"]
[EventRounds "11"]
[EventCountry "ENG"]
[SourceDate "2009.10.24"]

1. e4 c5 2. Nf3 a6 3. Bc4 e6 4. d4 b5 5. Be2 cxd4 6. Nxd4 Bb7 7. Qd3 Nf6 8. Bg5
h6 9. Bxf6 Qxf6 10. c3 Qg6 11. Bf3 d5 12. Nd2 Nd7 13. Qe2 Ne5 14. O-O-O Rc8 15.
a3 Qf6 16. exd5 Nxf3 17. N2xf3 Bxd5 18. Rhe1 Be7 19. Qe5 Qxe5 20. Nxe5 Bg5+ 21.
Kb1 f6 22. Ng6 Kf7 23. Nxh8+ Rxh8 24. g3 f5 25. f4 Bf6 26. Nxf5 g5 27. Nd6+ Ke7
28. Rxd5 1-0

[Event "4NCL/Div2b/FCA1 vs. E2E41"]
[Site "Hinckley Island ENG"]
[Date "2010.01.17"]
[Round "4.1"]
[White "Macdonald-Ross, Michael"]
[Black "Sugden, John N"]
[Result "1-0"]
[WhiteElo "2176"]
[BlackElo "2235"]
[PlyCount "87"]
[EventDate "2010.01.17"]
[EventRounds "11"]
[EventCountry "ENG"]
[SourceDate "2009.10.24"]

1. d4 c5 2. d5 d6 3. Nc3 g6 4. e4 Bg7 5. Be2 Na6 6. Nf3 Nc7 7. O-O Nf6 8. a4
O-O 9. Re1 Bd7 10. h3 a6 11. a5 Nb5 12. Bxb5 axb5 13. e5 Ne8 14. Bg5 dxe5 15.
Ne4 f6 16. Be3 Rxa5 17. Rxa5 Qxa5 18. Bxc5 f5 19. Neg5 e4 20. Nd4 Nd6 21. Nde6
Bxe6 22. Nxe6 Bxb2 23. Nxf8 Kxf8 24. Re3 Qa4 25. Rb3 Be5 26. Rb4 Qa6 27. Bd4
Bxd4 28. Qxd4 Kf7 29. Qh8 h5 30. Rb3 Qa2 31. Qh7+ Kf6 32. Rg3 Qb1+ 33. Kh2 Ke5
34. Qxe7+ Kxd5 35. Rxg6 Nc4 36. Qxb7+ Kd4 37. Qg7+ Kc5 38. c3 Qd3 39. Qc7+ Kd5
40. Qc6+ Ke5 41. Qxb5+ Kf4 42. Qb8+ Ne5 43. Re6 Qxc3 44. Rxe5 1-0

[Event "4NCL/Div2b/FCA1 vs. E2E41"]
[Site "Hinckley Island ENG"]
[Date "2010.01.17"]
[Round "4.2"]
[White "Hulmes, David I"]
[Black "Almond, Richard J"]
[Result "1-0"]
[WhiteElo "2227"]
[BlackElo "2144"]
[PlyCount "121"]
[EventDate "2010.01.17"]
[EventRounds "11"]
[EventCountry "ENG"]
[SourceDate "2009.10.24"]

1. e4 d5 2. exd5 Qxd5 3. Nc3 Qa5 4. d4 c6 5. Nf3 Nf6 6. Bd2 Bf5 7. Bc4 e6 8.
Qe2 Bb4 9. O-O-O Nbd7 10. a3 Bxc3 11. Bxc3 Qc7 12. Ne5 Nxe5 13. dxe5 Nd5 14.
Bd2 O-O-O 15. g4 Bg6 16. f4 h5 17. h3 Qb6 18. Rhf1 hxg4 19. hxg4 Rh3 20. f5
exf5 21. e6 Ne3 22. Bxe3 Qxe3+ 23. Qxe3 Rxe3 24. gxf5 Bh5 25. Rxd8+ Kxd8 26.
Rh1 g6 27. exf7 Ke7 28. Kd2 Re5 29. f6+ Kf8 30. b4 b5 31. Ba2 a6 32. Rh3 Re2+
33. Kc1 Re1+ 34. Kb2 Rd1 35. Re3 Rd8 36. Kc3 Bg4 37. Bb3 Bh5 38. Be6 Rd6 39.
Ba2 Rd8 40. Kb2 Bg4 41. a4 Bh5 42. a5 Bg4 43. Bb3 Bh5 44. Kc3 Bg4 45. Re4 Bf3
46. Rh4 Bh5 47. Rd4 Rxd4 48. Kxd4 g5 49. Ke5 Bg6 50. c3 Bxf7 51. Bd1 Bd5 52.
Kf5 Kf7 53. Bh5+ Kf8 54. Kxg5 Be6 55. Kf4 Bh3 56. Ke5 Bg2 57. Bg6 Bd5 58. Kd6
Bg2 59. Kc5 Bf3 60. Kb6 Bd5 61. Kxa6 1-0

[Event "4NCL/Div2b/FCA1 vs. E2E41"]
[Site "Hinckley Island ENG"]
[Date "2010.01.17"]
[Round "4.3"]
[White "Smith, Graham M"]
[Black "Byron, Alan M"]
[Result "1/2-1/2"]
[WhiteElo "2106"]
[BlackElo "2192"]
[PlyCount "61"]
[EventDate "2010.01.17"]
[EventRounds "11"]
[EventCountry "ENG"]
[SourceDate "2009.10.24"]

1. d4 d5 2. c4 c6 3. Nf3 Nf6 4. Qc2 g6 5. Bf4 Bg7 6. e3 Na6 7. Nc3 Bf5 8. Qb3
Qb6 9. c5 Qxb3 10. axb3 Nb4 11. Kd2 O-O 12. Ra4 Ne4+ 13. Nxe4 dxe4 14. Rxb4
exf3 15. gxf3 Rfd8 16. Rxb7 e5 17. Bg5 f6 18. Bc4+ Kh8 19. Bh4 exd4 20. e4 Bh3
21. e5 g5 22. exf6 Bxf6 23. Bg3 Rd7 24. Rxd7 Bxd7 25. Ra1 g4 26. fxg4 Bxg4 27.
Ra6 Bf3 28. Bc7 h5 29. Bb6 Be5 30. h4 Bf6 31. Rxa7 1/2-1/2

[Event "4NCL/Div2b/FCA1 vs. E2E41"]
[Site "Hinckley Island ENG"]
[Date "2010.01.17"]
[Round "4.4"]
[White "Mansson, James C"]
[Black "Brown, Alan M"]
[Result "1-0"]
[WhiteElo "2142"]
[BlackElo "2109"]
[PlyCount "99"]
[EventDate "2010.01.17"]
[EventRounds "11"]
[EventCountry "ENG"]
[SourceDate "2009.10.24"]

1. Nf3 Nf6 2. c4 e6 3. g3 d5 4. d4 c6 5. Bg2 Nbd7 6. Qc2 Bd6 7. O-O O-O 8. Bf4
Qc7 9. e3 dxc4 10. Bxd6 Qxd6 11. Qxc4 e5 12. Qc2 exd4 13. Nxd4 Ne5 14. h3 Be6
15. Nxe6 Qxe6 16. Nd2 Rad8 17. Nb3 Rd6 18. Nd4 Qd7 19. b4 Rd8 20. Rfc1 Ng6 21.
Rab1 Nf8 22. Qa4 a6 23. Qa5 Ne6 24. Nf5 Rd2 25. g4 Qc7 26. Qxc7 Nxc7 27. a4 Ra2
28. Rd1 Rdd2 29. Rxd2 Rxd2 30. Nd4 Nfd5 31. b5 axb5 32. Bxd5 Nxd5 33. axb5 Nc3
34. Ra1 g6 35. bxc6 bxc6 36. Nxc6 Nd1 37. Ra8+ Kg7 38. Rd8 Rxd8 39. Nxd8 Nc3
40. Nc6 Kf6 41. Nd4 h5 42. gxh5 gxh5 43. Kg2 Ne4 44. f3 Nc3 45. h4 Ke5 46. Kf2
Nd5 47. Ne2 f5 48. f4+ Ke6 49. Ng3 Nf6 50. Kf3 1-0

[Event "4NCL/Div2b/FCA1 vs. E2E41"]
[Site "Hinckley Island ENG"]
[Date "2010.01.17"]
[Round "4.5"]
[White "Williamson, Kevin J"]
[Black "Talbot, Andrew R"]
[Result "1/2-1/2"]
[WhiteElo "2045"]
[BlackElo "2161"]
[PlyCount "89"]
[EventDate "2010.01.17"]
[EventRounds "11"]
[EventCountry "ENG"]
[SourceDate "2009.10.24"]

1. d4 Nf6 2. Nf3 g6 3. Bg5 Bg7 4. Nbd2 d5 5. e3 O-O 6. Be2 c5 7. c3 Nc6 8. O-O
Re8 9. Bb5 a6 10. Bxc6 bxc6 11. b4 cxb4 12. cxb4 a5 13. a3 Ba6 14. Re1 axb4 15.
axb4 Qb6 16. Qa4 Qb7 17. Qb3 Bb5 18. Bxf6 Bxf6 19. Ra5 Rxa5 20. bxa5 Ra8 21.
Ra1 e6 22. Qc3 Bd8 23. h3 Qa7 24. Nb3 Bc4 25. Nfd2 Bb5 26. Nf3 Qc7 27. Ne5 f6
28. Nd3 Kf7 29. Nb4 Bc4 30. a6 Be7 31. Nc5 Qb6 32. a7 Bxc5 33. dxc5 Qxc5 34.
Qa3 Qb6 35. Qa4 Bb5 36. Qa2 Kg7 37. e4 Bc4 38. Qa5 Qxa5 39. Rxa5 d4 40. Nxc6 d3
41. Ra1 d2 42. Rd1 Bb5 43. Nd4 Bd7 44. Rxd2 Rxa7 45. f4 1/2-1/2

[Event "4NCL/Div2b/FCA1 vs. E2E41"]
[Site "Hinckley Island ENG"]
[Date "2010.01.17"]
[Round "4.6"]
[White "Kennedy, Craig"]
[Black "Habershon, Paul F"]
[Result "0-1"]
[WhiteElo "2036"]
[BlackElo "2089"]
[PlyCount "42"]
[EventDate "2010.01.17"]
[EventRounds "11"]
[EventCountry "ENG"]
[SourceDate "2009.10.24"]

1. e4 e6 2. d3 d5 3. Qe2 dxe4 4. dxe4 e5 5. Nc3 Nc6 6. Bd2 Nd4 7. Qd3 Nf6 8.
O-O-O Be6 9. f4 Bd6 10. f5 Bd7 11. g4 h6 12. Qh3 b5 13. g5 b4 14. gxf6 bxc3 15.
fxg7 cxd2+ 16. Rxd2 Rg8 17. Qxh6 Qe7 18. f6 Qe6 19. b3 Ba3+ 20. Kb1 Qc6 21. Bd3
Qc3 0-1

[Event "4NCL/Div2b/FCA1 vs. E2E41"]
[Site "Hinckley Island ENG"]
[Date "2010.01.17"]
[Round "4.7"]
[White "Kendall, Paul SN"]
[Black "Ireland, David J"]
[Result "0-1"]
[WhiteElo "2069"]
[BlackElo "2010"]
[PlyCount "52"]
[EventDate "2010.01.17"]
[EventRounds "11"]
[EventCountry "ENG"]
[SourceDate "2009.10.24"]

1. e4 c5 2. Nc3 Nc6 3. f4 a6 4. Nf3 d6 5. d3 e6 6. Be2 g6 7. O-O Bg7 8. Qe1
Nge7 9. Be3 O-O 10. Qh4 Nd4 11. Bd1 Nec6 12. Qf2 f5 13. Rb1 Qa5 14. Kh1 b5 15.
Nd2 Bb7 16. h4 Rad8 17. Bf3 e5 18. exf5 Nxf5 19. Nb3 Qc7 20. Nd5 Qf7 21. g4
Nxe3 22. Qxe3 exf4 23. Nxf4 Ne5 24. Bxb7 Qxb7+ 25. Ng2 Qd7 26. Nf4 Qxg4 0-1

[Event "4NCL/Div2b/FCA1 vs. E2E41"]
[Site "Hinckley Island ENG"]
[Date "2010.01.17"]
[Round "4.8"]
[White "Norinkeviciute, Rasa"]
[Black "Evans, Helen I"]
[Result "1-0"]
[WhiteElo "2027"]
[BlackElo "1626"]
[PlyCount "69"]
[EventDate "2010.01.17"]
[EventRounds "11"]
[EventCountry "ENG"]
[SourceDate "2009.10.24"]

1. c4 d6 2. g3 e5 3. Bg2 f5 4. Nc3 Nf6 5. d3 Be7 6. Nf3 O-O 7. O-O c6 8. Rb1
Qe8 9. c5 Qh5 10. cxd6 Bxd6 11. Qb3+ Qf7 12. Qxf7+ Rxf7 13. b4 Rf8 14. Nd2 Be6
15. b5 Nd5 16. bxc6 bxc6 17. Nxd5 Bxd5 18. Bxd5+ cxd5 19. Rb5 d4 20. Nc4 Bc7
21. Nxe5 Re8 22. f4 Bb6 23. Kf2 g6 24. Nc4 Nd7 25. a4 Bc5 26. Bd2 a6 27. Rb7
Nf6 28. h3 Nd5 29. Rc1 Ne3 30. Ne5 Bd6 31. Nf3 Rac8 32. Nxd4 Rxc1 33. Bxc1 Bc5
34. Bxe3 Bxd4 35. Bxd4 1-0

[Event "4NCL/Div2b/BRI1 vs. GUI3"]
[Site "Hinckley Island ENG"]
[Date "2010.02.21"]
[Round "6.1"]
[White "Rudd, Jack"]
[Black "Shepley, Julien M"]
[Result "1-0"]
[WhiteElo "2286"]
[BlackElo "2022"]
[PlyCount "89"]
[EventDate "2010.02.21"]
[SourceDate "2009.10.24"]

1. e4 d6 2. d4 Nf6 3. Nc3 e5 4. Nf3 Nbd7 5. Bc4 Be7 6. O-O c6 7. a4 Qc7 8. h3
h6 9. Be3 Nf8 10. Qd2 g5 11. h4 g4 12. Ne1 Ng6 13. g3 Rh7 14. Bb3 Bd7 15. d5
Nh5 16. a5 Qc8 17. a6 c5 18. axb7 Qxb7 19. Bxh6 Bxh4 20. gxh4 Ngf4 21. Bxf4
Nxf4 22. Ng2 Nh3+ 23. Kh2 Ke7 24. f4 g3+ 25. Kxg3 Rg8+ 26. Kf3 Bg4+ 27. Kg3
Bc8+ 28. Kh2 Nxf4 29. Rxf4 exf4 30. Qxf4 Rg4 31. Qf2 Rh5 32. Bc4 Qd7 33. Bb5
Rgxh4+ 34. Nxh4 Qh3+ 35. Kg1 a6 36. Bf1 Qg4+ 37. Ng2 Qh3 38. Qf4 Rh6 39. e5
dxe5 40. Qxe5+ Kf8 41. Re1 Qh1+ 42. Kf2 Bh3 43. Ne4 Bxg2 44. Qb8+ Kg7 45. Bxg2
1-0

[Event "4NCL/Div2b/BRI1 vs. GUI3"]
[Site "Hinckley Island ENG"]
[Date "2010.02.21"]
[Round "6.2"]
[White "Hunt, Daniel"]
[Black "Beaumont, Chris R"]
[Result "0-1"]
[WhiteElo "2018"]
[BlackElo "2306"]
[PlyCount "46"]
[EventDate "2010.02.21"]
[SourceDate "2009.10.24"]

1. e4 c5 2. Nf3 g6 3. d4 cxd4 4. Nxd4 Nc6 5. Nc3 Bg7 6. Be3 Nf6 7. Nxc6 bxc6 8.
e5 Ng8 9. f4 Nh6 10. Bd3 d6 11. Be4 O-O 12. Bxc6 Rb8 13. Qd2 dxe5 14. O-O-O Qa5
15. Qd5 Qb4 16. Qb3 Nf5 17. Qxb4 Rxb4 18. Bxa7 exf4 19. Na4 Bb7 20. Bxb7 Rxa4
21. Bf2 Rb8 22. b3 Rxa2 23. Be4 Bc3 0-1

[Event "4NCL/Div2b/BRI1 vs. GUI3"]
[Site "Hinckley Island ENG"]
[Date "2010.02.21"]
[Round "6.3"]
[White "Buckley, David E"]
[Black "Higgs, Anthony RJ"]
[Result "1/2-1/2"]
[WhiteElo "2274"]
[BlackElo "1962"]
[PlyCount "103"]
[EventDate "2010.02.21"]
[SourceDate "2009.10.24"]

1. d4 e6 2. c4 b6 3. Nf3 Bb7 4. e3 f5 5. Bd3 Nf6 6. O-O Be7 7. b3 O-O 8. Bb2 a5
9. Nc3 Na6 10. Qe2 Qe8 11. e4 fxe4 12. Nxe4 Nb4 13. Nxf6+ Bxf6 14. Be4 Bxe4 15.
Qxe4 Qh5 16. a3 Nc6 17. Rad1 Rad8 18. Ne5 d5 19. Qg4 Qxg4 20. Nxg4 Bxd4 21.
Bxd4 Rf4 22. Be5 Rxg4 23. Bxc7 Rd7 24. Bxb6 d4 25. f3 Rf4 26. b4 axb4 27. axb4
d3 28. b5 Ne7 29. c5 Rb4 30. Rb1 Rxb1 31. Rxb1 Kf7 32. c6 Rd5 33. Be3 d2 34.
Rd1 Rxb5 35. c7 Rb3 36. Bd4 Rd3 37. Be5 Rd5 38. f4 g6 39. Kf2 Ke8 40. Ke2 Kd7
41. Rxd2 Rxd2+ 42. Kxd2 Nd5 43. Kd3 Nxc7 44. Bxc7 Kxc7 45. Kd4 Kd6 46. Ke4 h6
47. Kd4 g5 48. fxg5 hxg5 49. h3 Kd7 50. Ke4 Kd6 51. g3 Kd7 52. h4 1/2-1/2

[Event "4NCL/Div2b/BRI1 vs. GUI3"]
[Site "Hinckley Island ENG"]
[Date "2010.02.21"]
[Round "6.4"]
[White "Shepherd, David"]
[Black "Franklin, Michael"]
[Result "1-0"]
[WhiteElo "1922"]
[BlackElo "2190"]
[PlyCount "105"]
[EventDate "2010.02.21"]
[SourceDate "2009.10.24"]

1. d4 Nf6 2. Nf3 e6 3. g3 d5 4. Bg2 Nbd7 5. O-O Be7 6. Nbd2 O-O 7. c4 c6 8. a3
Re8 9. b4 a5 10. Rb1 axb4 11. axb4 Bd6 12. b5 cxb5 13. Rxb5 b6 14. cxd5 exd5
15. Rb3 Bb7 16. Nb1 Ba6 17. Re1 Bc4 18. Rb2 b5 19. Nfd2 Rb8 20. e4 dxe4 21.
Nxe4 Nxe4 22. Rxe4 Rxe4 23. Bxe4 Nf6 24. Bg2 Bc7 25. Na3 Bd5 26. Qd3 Bxg2 27.
Kxg2 b4 28. Nc4 Qd5+ 29. Kg1 h5 30. Ne3 Qf3 31. Qd1 Qe4 32. Qc2 Bd6 33. Qxe4
Nxe4 34. f3 Nc3 35. Kf2 h4 36. Bd2 hxg3+ 37. hxg3 Rc8 38. g4 g6 39. Bxc3 Rxc3
40. Ke2 Rc8 41. Nd5 Rb8 42. Rb3 Rb5 43. Nf6+ Kf8 44. Kd3 Rb7 45. Nd5 f5 46.
gxf5 gxf5 47. Kc4 Kf7 48. Nxb4 Ke6 49. Nd3 Rxb3 50. Kxb3 Kd5 51. Kc3 f4 52. Nc1
Bc7 53. Ne2 1-0

[Event "4NCL/Div2b/BRI1 vs. GUI3"]
[Site "Hinckley Island ENG"]
[Date "2010.02.21"]
[Round "6.7"]
[White "Pugh, Derek C"]
[Black "Waldock, Adrian DP"]
[Result "1-0"]
[WhiteElo "2122"]
[BlackElo "1850"]
[PlyCount "75"]
[EventDate "2010.02.21"]
[SourceDate "2009.10.24"]

1. e4 c5 2. Nc3 Nc6 3. g3 g6 4. Bg2 Bg7 5. d3 d6 6. Nh3 Nf6 7. O-O O-O 8. f4
Bg4 9. Qd2 Rb8 10. Nf2 Bd7 11. Ncd1 b5 12. Ne3 a5 13. g4 Qc8 14. f5 b4 15. g5
Ne8 16. Nfg4 f6 17. Nd5 Qd8 18. gxf6 exf6 19. Nh6+ Kh8 20. Qd1 Ne5 21. Ng4 Rb7
22. Be3 Bc8 23. Nf4 g5 24. Nd5 Rbf7 25. Nxe5 fxe5 26. Rf3 Bb7 27. Rg3 Bxd5 28.
exd5 Bf6 29. Qh5 Ng7 30. Qh3 h5 31. Bf3 h4 32. Rg2 Qe7 33. Kh1 Rg8 34. Rag1 Ne8
35. Bh5 Rfg7 36. Bg6 Qc7 37. Bxg5 Rxg6 38. Qxh4+ 1-0

[Event "4NCL/Div2b/BRI1 vs. GUI3"]
[Site "Hinckley Island ENG"]
[Date "2010.02.21"]
[Round "6.8"]
[White "Ward, Matthew J"]
[Black "Oliver, Martin"]
[Result "1/2-1/2"]
[WhiteElo "1688"]
[BlackElo "1810"]
[PlyCount "54"]
[EventDate "2010.02.21"]
[SourceDate "2009.10.24"]

1. d4 Nf6 2. Nf3 g6 3. c4 Bg7 4. Nc3 O-O 5. e4 d6 6. h3 e5 7. d5 a5 8. Be2 Nfd7
9. O-O f5 10. Bg5 Nf6 11. a3 h6 12. Bxf6 Qxf6 13. b4 Bd7 14. Rc1 Na6 15. Qb3 g5
16. exf5 Bxf5 17. Nd2 Qg6 18. Bg4 h5 19. Bxf5 Qxf5 20. Nce4 axb4 21. axb4 Rad8
22. c5 g4 23. Ng3 Qg6 24. hxg4 Qxg4 25. Nge4 Rf4 26. cxd6 cxd6 27. b5 Nb8
1/2-1/2

[Event "4NCL/Div2b/WWKS1 vs. CHED"]
[Site "Hinckley Island ENG"]
[Date "2010.02.21"]
[Round "6.1"]
[White "Mason, Donald J"]
[Black "Gormally, Daniel W"]
[Result "0-1"]
[WhiteElo "2255"]
[BlackElo "2479"]
[PlyCount "94"]
[EventDate "2010.02.21"]
[SourceDate "2009.10.24"]

1. d4 Nf6 2. c4 g6 3. Nc3 d5 4. cxd5 Nxd5 5. e4 Nxc3 6. bxc3 Bg7 7. Nf3 c5 8.
Rb1 O-O 9. Be2 Nc6 10. d5 Ne5 11. Nxe5 Bxe5 12. Qd2 e6 13. f4 Bc7 14. O-O exd5
15. exd5 Ba5 16. Rb3 b6 17. Qb2 Bf5 18. c4 Re8 19. Bd3 Bxd3 20. Rxd3 f5 21. g4
Qh4 22. gxf5 Qg4+ 23. Rg3 Qxf5 24. Rg5 Qd3 25. Rg3 Qxc4 26. Qf6 Qd4+ 27. Qxd4
cxd4 28. f5 Re1 29. fxg6 Rxf1+ 30. Kxf1 Rd8 31. gxh7+ Kxh7 32. Bb2 Rxd5 33. Rd3
Rf5+ 34. Kg2 Rc5 35. Bxd4 Rc2+ 36. Bf2 Rxa2 37. Rd7+ Kg6 38. Rxa7 b5 39. Ra6+
Kf5 40. Kf3 Ra3+ 41. Ke2 Ke4 42. Bb6 Ra2+ 43. Kd1 Rd2+ 44. Kc1 Bc3 45. Bc7 Rg2
46. Kb1 Kd3 47. Rb6 Rg1+ 0-1

[Event "4NCL/Div2b/WWKS1 vs. CHED"]
[Site "Hinckley Island ENG"]
[Date "2010.02.21"]
[Round "6.2"]
[White "Arkell, Keith C"]
[Black "Thomas, Nicholas"]
[Result "1-0"]
[WhiteElo "2462"]
[BlackElo "2291"]
[PlyCount "137"]
[EventDate "2010.02.21"]
[SourceDate "2009.10.24"]

1. d4 e6 2. c4 Nf6 3. Nf3 Bb4+ 4. Bd2 a5 5. g3 d6 6. Bg2 Nbd7 7. O-O e5 8. Bg5
exd4 9. Nxd4 h6 10. Bd2 Bc5 11. Nc2 O-O 12. Nc3 Re8 13. Be3 Bxe3 14. Nxe3 Nc5
15. Qd4 Be6 16. Rfd1 Qe7 17. Ned5 Bxd5 18. cxd5 Qd7 19. b3 Ra6 20. Rab1 Rb6 21.
Qd2 Qf5 22. Rdc1 Ng4 23. Nd1 Qe5 24. h3 Nf6 25. Nc3 Rb4 26. e3 Qf5 27. Qc2 Qxc2
28. Rxc2 a4 29. bxa4 Rxb1+ 30. Nxb1 Ra8 31. Nc3 Kf8 32. Rb2 Nfd7 33. Bf1 Nb6
34. Bb5 Ke7 35. Rb4 f5 36. g4 Rf8 37. Kg2 g5 38. Kg3 Kf6 39. a5 Nc8 40. gxf5
Kxf5 41. Be2 Ne7 42. Bg4+ Kg6 43. Nb5 Rxf2 44. Kxf2 Nd3+ 45. Kf3 Nxb4 46. Nxc7
Nd3 47. Ke4 Nf2+ 48. Kd4 Nxg4 49. hxg4 h5 50. gxh5+ Kxh5 51. Nb5 Nc8 52. e4 g4
53. Ke3 Kg5 54. e5 Ne7 55. Nxd6 Nxd5+ 56. Ke4 Nc3+ 57. Ke3 Nxa2 58. Nxb7 Kf5
59. a6 Nb4 60. a7 Nd5+ 61. Kd4 Nc7 62. Nd6+ Ke6 63. Ke4 g3 64. Nb5 Na8 65. Nd4+
Kd7 66. e6+ Kc8 67. Kf3 Kb7 68. e7 Nc7 69. Nb5 1-0

[Event "4NCL/Div2b/WWKS1 vs. CHED"]
[Site "Hinckley Island ENG"]
[Date "2010.02.21"]
[Round "6.3"]
[White "Pitcher, John"]
[Black "Eggleston, David J"]
[Result "1-0"]
[WhiteElo "2193"]
[BlackElo "2367"]
[PlyCount "83"]
[EventDate "2010.02.21"]
[SourceDate "2009.10.24"]

1. e4 c5 2. Nf3 d6 3. Bc4 Nf6 4. d3 g6 5. O-O Nc6 6. Nbd2 Bg7 7. Re1 O-O 8. a3
e5 9. Ba2 Nh5 10. Nf1 Kh8 11. c3 f5 12. exf5 Bxf5 13. Ne3 Qd7 14. Nxf5 Qxf5 15.
Be3 Nf4 16. Bxf4 exf4 17. Qb3 Ne5 18. Qd5 Nxd3 19. Re7 Qxd5 20. Bxd5 Bf6 21.
Rxb7 Rab8 22. Rxa7 Rxb2 23. Rf1 Ne5 24. Nxe5 Bxe5 25. c4 Rfb8 26. h4 Ra2 27.
Kh2 Rbb2 28. a4 Bc3 29. h5 gxh5 30. Kh3 Re2 31. Bf3 Re6 32. Kh4 Be1 33. Kxh5
Bxf2 34. Rb1 Re5+ 35. Kg4 h5+ 36. Kh3 Rg5 37. Rb8+ Rg8 38. Rbb7 Rg3+ 39. Kh2
Bd4 40. Rh7+ Kg8 41. Bd5+ Kf8 42. Ra8# 1-0

[Event "4NCL/Div2b/WWKS1 vs. CHED"]
[Site "Hinckley Island ENG"]
[Date "2010.02.21"]
[Round "6.4"]
[White "Hawkins, Jonathan"]
[Black "Shephard, Chris CW"]
[Result "1/2-1/2"]
[WhiteElo "2383"]
[BlackElo "2206"]
[PlyCount "57"]
[EventDate "2010.02.21"]
[SourceDate "2009.10.24"]

1. d4 Nf6 2. c4 c5 3. d5 e5 4. Nc3 d6 5. e4 g6 6. g3 Bg7 7. h4 a6 8. a4 Nbd7 9.
Qd3 Nh5 10. Bh3 O-O 11. Kf1 f5 12. exf5 gxf5 13. Bxf5 Nxg3+ 14. fxg3 e4 15. Qe2
Ne5 16. g4 Nxg4 17. Qxg4 Rxf5+ 18. Bf4 Kh8 19. Ke1 Qb6 20. Rh2 Bd7 21. Qg3 Rxf4
22. Qxf4 Be5 23. Qf2 e3 24. Qf7 Bxh2 25. Qf6+ Kg8 26. Qg5+ Kh8 27. Qf6+ Kg8 28.
Qg5+ Kh8 29. Qf6+ 1/2-1/2

[Event "4NCL/Div2b/WWKS1 vs. CHED"]
[Site "Hinckley Island ENG"]
[Date "2010.02.21"]
[Round "6.5"]
[White "Hynes, AM (Tony)"]
[Black "Bellin, Robert"]
[Result "1/2-1/2"]
[WhiteElo "2219"]
[BlackElo "2373"]
[PlyCount "34"]
[EventDate "2010.02.21"]
[SourceDate "2009.10.24"]

1. e4 c5 2. Nf3 Nc6 3. d4 cxd4 4. Nxd4 g6 5. Nc3 Bg7 6. Nb3 d6 7. Be2 Nf6 8.
Be3 Be6 9. f4 O-O 10. g4 d5 11. f5 Bc8 12. exd5 Nb4 13. fxg6 hxg6 14. Bf3 e6
15. dxe6 Bxe6 16. O-O Qc8 17. h3 Rd8 1/2-1/2

[Event "4NCL/Div2b/WWKS1 vs. CHED"]
[Site "Hinckley Island ENG"]
[Date "2010.02.21"]
[Round "6.6"]
[White "Wallace, Paul A"]
[Black "Clarke, Brandon GI"]
[Result "0-1"]
[WhiteElo "2234"]
[BlackElo "2058"]
[PlyCount "74"]
[EventDate "2010.02.21"]
[SourceDate "2009.10.24"]

1. e4 e6 2. d4 d5 3. Nd2 Nc6 4. Ngf3 Nf6 5. e5 Nd7 6. c3 f6 7. Bd3 fxe5 8. Nxe5
Ndxe5 9. dxe5 Nxe5 10. Qh5+ Nf7 11. Nf3 g6 12. Bxg6 hxg6 13. Qxg6 Qd6 14. h4 e5
15. Qg3 Bf5 16. Bg5 Be7 17. Bxe7 Qxe7 18. O-O-O O-O-O 19. Rde1 Rhg8 20. Qf4
exf4 21. Rxe7 Rd7 22. Rhe1 Be4 23. Re6 Rxg2 24. Nd2 Rxf2 25. Nxe4 dxe4 26.
R6xe4 c6 27. h5 Rdd2 28. Re8+ Nd8 29. h6 Rc2+ 30. Kb1 Rxb2+ 31. Ka1 Rxa2+ 32.
Kb1 Rfb2+ 33. Kc1 Rh2 34. Kb1 Rad2 35. Kc1 Rd3 36. Rh8 Rxc3+ 37. Kb1 Rd3 0-1

[Event "4NCL/Div2b/WWKS1 vs. CHED"]
[Site "Hinckley Island ENG"]
[Date "2010.02.21"]
[Round "6.7"]
[White "Baruch, Andrew JD"]
[Black "Bennett, Patrick J"]
[Result "1/2-1/2"]
[WhiteElo "2089"]
[BlackElo "2087"]
[PlyCount "33"]
[EventDate "2010.02.21"]
[SourceDate "2009.10.24"]

1. g3 Nf6 2. Bg2 g6 3. c4 Bg7 4. Nc3 O-O 5. Nf3 d6 6. O-O Nc6 7. d3 a5 8. Rb1
Nd7 9. Bd2 Nc5 10. Qc1 Re8 11. Bh6 Bh8 12. Qd2 Bg4 13. h3 Bxf3 14. Bxf3 Nd4 15.
Bg2 c6 16. g4 e5 17. Bg5 1/2-1/2

[Event "4NCL/Div2b/WWKS1 vs. CHED"]
[Site "Hinckley Island ENG"]
[Date "2010.02.21"]
[Round "6.8"]
[White "Whitfield, Craig M"]
[Black "Webster, Paul"]
[Result "0-1"]
[WhiteElo "1979"]
[BlackElo "2106"]
[PlyCount "50"]
[EventDate "2010.02.21"]
[SourceDate "2009.10.24"]

1. e4 d6 2. d4 g6 3. Nc3 Bg7 4. Be3 a6 5. Qd2 b5 6. Nge2 Bb7 7. f3 e6 8. a3 Nd7
9. g4 Nb6 10. Ng3 h6 11. Be2 Ne7 12. O-O-O Qd7 13. Rhf1 O-O-O 14. f4 f5 15.
gxf5 exf5 16. e5 Ned5 17. Rg1 Qf7 18. h4 h5 19. Nxd5 Nxd5 20. Nf1 dxe5 21. fxe5
Nxe3 22. Nxe3 f4 23. Bd3 fxe3 24. Qc3 Qa2 25. b4 e2 0-1

[Event "4NCL/Div2b/CELT1 vs. E2E41"]
[Site "Hinckley Island ENG"]
[Date "2010.02.21"]
[Round "6.1"]
[White "Hoffman, Hendrik"]
[Black "Hulmes, David I"]
[Result "1/2-1/2"]
[WhiteElo "2252"]
[BlackElo "2227"]
[PlyCount "38"]
[EventDate "2010.02.21"]
[SourceDate "2009.10.24"]

1. e4 e5 2. Nf3 Nc6 3. d4 exd4 4. Bc4 Nf6 5. O-O Nxe4 6. Re1 d5 7. Bxd5 Qxd5 8.
Nc3 Qa5 9. Nxe4 Be6 10. Bg5 Bd6 11. Nxd6+ cxd6 12. Bf4 Qd5 13. c3 O-O 14. Nxd4
Nxd4 15. cxd4 Rfc8 16. b3 Rc6 17. Qd3 Rac8 18. Rac1 Rxc1 19. Rxc1 Rxc1+ 1/2-1/2

[Event "4NCL/Div2b/CELT1 vs. E2E41"]
[Site "Hinckley Island ENG"]
[Date "2010.02.21"]
[Round "6.2"]
[White "Byron, Alan M"]
[Black "Maciol, Rycho"]
[Result "0-1"]
[WhiteElo "2196"]
[BlackElo "2245"]
[PlyCount "64"]
[EventDate "2010.02.21"]
[SourceDate "2009.10.24"]

1. Nf3 Nf6 2. c4 e6 3. g3 b6 4. Bg2 Bb7 5. O-O Be7 6. b3 O-O 7. Bb2 c5 8. d4 d6
9. Nc3 cxd4 10. Qxd4 Nc6 11. Qf4 a6 12. Rad1 Qc7 13. Ng5 Rad8 14. Nge4 Rd7 15.
Rc1 Qd8 16. Rfd1 Nh5 17. Qf3 g6 18. Qd3 f5 19. Nd2 Ne5 20. Qc2 Bxg2 21. Kxg2
Bf6 22. Nf3 Nc6 23. a3 g5 24. Na4 g4 25. Ng1 Bxb2 26. Nxb2 e5 27. e3 Qa8 28.
Kf1 f4 29. exf4 exf4 30. Qe4 fxg3 31. Qxg4+ Rg7 32. Qe6+ Kh8 0-1